Diwan-i-Khas / (Record no. 588627)

000 -LEADER
fixed length control field 00444nam a22001577a 4500
020 ## - INTERNATIONAL STANDARD BOOK NUMBER
International Standard Book Number 9789694962955
082 ## - DEWEY DECIMAL CLASSIFICATION NUMBER
Classification number 891.4391
Author Mark JAV
100 ## - MAIN ENTRY--PERSONAL NAME
Personal name Javed, Inam Ul Haq
245 ## - TITLE STATEMENT
Title Diwan-i-Khas /
Statement of responsibility, etc. Inam Ul Haq Javed
260 ## - PUBLICATION, DISTRIBUTION, ETC.
Place of publication, distribution, etc. Islamabad :
Name of publisher, distributor, etc. Dost Publications,
Date of publication, distribution, etc. 2011.
300 ## - PHYSICAL DESCRIPTION
Extent 160p. ;
Dimensions 22 cm.
563 ## - BINDING INFORMATION
Binding note HBK.
880 ## - ALTERNATE GRAPHIC REPRESENTATION
Linkage 100-01\r
Title انعام الحق جاوید
880 ## - ALTERNATE GRAPHIC REPRESENTATION
Linkage 245-02\r
Title ديوان خاص /
942 ## - ADDED ENTRY ELEMENTS (KOHA)
Source of classification or shelving scheme
Koha item type Book
Holdings
Withdrawn status Lost status Source of classification or shelving scheme Damaged status Not for loan Permanent Location Current Location Shelving location Date acquired Source of acquisition Total Checkouts Full call number Barcode Date last seen Price effective from Koha item type
          Central Library (CL) Central Library (CL) Urdu Literature 03/07/2022 Donated by Student Affairs NUST   891.4391 JAV CL-D-1506 03/07/2022 03/07/2022 Book
© 2023 Central Library, National University of Sciences and Technology. All Rights Reserved.